000
00257nam a22001097a 4500
008
240712b |||||||| |||| 00| 0 eng d
100
_a
Hansraj, Harisingh
_9
16991
245
_a
Momal Rano Mindaro
260
_b
Hamraj Sukhur;
300
_a
140p.
942
_c
BK
999
_c
40188
_d
40188